000 00868nam a2200241Ia 4500
003 OSt
005 20220923212051.0
006 a|||||r|||| 00| 0
007 ta
008 220922b |||||||| |||| 00| 0 hin d
024 _a150,494
037 _cTextual
040 _aARTS
_cARTS
_bhin
041 _2hin
_ahin
082 _aC15.2, 152M6
100 _aकल्ला, ओ0 पी0 एन0
_9162047
245 0 _aअतिरिक्ष में भारत उपग्रह-संचार के विकास की कहानी
246 _aAtirikṣha mean bhārat upagraha-sanchār ke vikās kī kahānī
260 _aदिल्ली
_b राजपाल एण्ड संस
_c1986
300 _a136 पृ.
_ccm.
942 _hC15.2, 152M6
_cTEXL
_2CC
999 _c306174
_d306174